|
|
|
|
| LEADER |
00000nam0a2200000 4500 |
| 001 |
376215 |
| 005 |
20231102012812.0 |
| 035 |
|
|
|a (RuTPU)RU\TPU\retro\33655
|
| 090 |
|
|
|a 376215
|
| 100 |
|
|
|a 20221221d1979 km y0rusy5003 ca
|
| 101 |
1 |
|
|a rus
|c eng
|
| 102 |
|
|
|a RU
|
| 105 |
|
|
|a a g 001zy
|
| 200 |
1 |
|
|a Быстрые статистические вычисления. Упрощенные методы оценивания и проверки
|e справочник
|e пер. с англ.
|f М. Г. Кенуй
|
| 210 |
|
|
|a Москва
|c Статистика
|d 1979
|
| 215 |
|
|
|a 71 с.
|c ил.
|
| 225 |
1 |
|
|a Библиотечка иностранных книг для экономистов и статистиков
|
| 320 |
|
|
|a Библиография: с. 65-66
|
| 606 |
1 |
|
|a Статистический анализ
|2 stltpush
|3 (RuTPU)RU\TPU\subj\42258
|9 61945
|
| 610 |
1 |
|
|a статистические вычисления
|
| 610 |
1 |
|
|a группы наблюдения
|
| 610 |
1 |
|
|a рассеяние
|
| 610 |
1 |
|
|a средний уровень
|
| 610 |
1 |
|
|a методы определения
|
| 610 |
1 |
|
|a методы сравнения
|
| 610 |
1 |
|
|a частоты
|
| 610 |
1 |
|
|a соотношения
|
| 610 |
1 |
|
|a признаки
|
| 610 |
1 |
|
|a сопряженность
|
| 610 |
1 |
|
|a справочники
|
| 675 |
|
|
|a 519.23(035)
|v 4
|
| 700 |
|
1 |
|a Кенуй
|b М. Г.
|
| 801 |
|
0 |
|a RU
|b RuMRKP
|c 19950704
|g psbo
|
| 801 |
|
1 |
|a RU
|b 63413507
|c 20150113
|
| 801 |
|
2 |
|a RU
|b 63413507
|c 20221223
|g RCR
|
| 942 |
|
|
|c BK
|